Chicago Bulls - Tous les joueurs de l’équipe - Statistiques

Statistiques générales
  • Ce quiz a été pris 9 fois
  • Le résultat moyen est 10 sur 15
Statistiques - réponses
Noms des joueurs % Correct
Guerschon Yabusele
100%
Matas Buzelis
100%
Collin Sexton
86%
Jalen Smith
71%
Josh Giddey
71%
Nick Richards
71%
Rob Dillingham
71%
Zach Collins
71%
Leonard Miller
57%
Noa Essengue
57%
Patrick Williams
57%
Tre Jones
57%
Anfernee Simons
43%
Isaac Okoro
43%
Jaden Ivey
29%
Aucun quiz correspondant
Distribution des résultats
% des personnes avec chaque résultat
Percentile par nombre de réponses
Votre historique - résultats
Vous n’avez pas pris ce quiz